000 00326 a2200133 4500
000 nam a22 7a 4500
005 20260128161649.0
020 _a978-93-86235-46-6
100 _aJoseph, George
_91112467
245 _aFundamental of remote sensing
250 _a3rd
260 _bUniversities Press
_c2018
942 _cTB
999 _c1678303
_d1678303